Sports Quiz

Random Sports or Hockey Quiz

CWHT Players Ever Quiz Stats

Quiz not verified by Sporcle

Also try: Sport by Numbers
Challenge
Share
Tweet
Embed
Score 0/44 Timer 07:00
0 Plays Today
Years Participated Last Name % Correct
1998Manon Rheaume
85.7%
2006-present Gillian Apps
85.7%
1998-2010Jennifer Botterill
85.7%
1998-2002Geraldine Heaney
85.7%
1998-presentJayna Hefford
85.7%
1998Fiona Smith
85.7%
1998-presentHayley Wickenheiser
85.7%
2006-present Charline Labonte
71.4%
2002-2010Kim St-Pierre
71.4%
2002Sami Jo Small
71.4%
1998-2006Cassie Campbell
71.4%
1998-2010Becky Kellar
71.4%
1998-presentCaroline Ouellette
71.4%
2006-2010Sarah Vaillancourt
71.4%
1998Stacy Wilson
71.4%
1998Lesley Reddon
57.1%
2010-presentShannon Szabados
57.1%
2006-presentMeghan Agosta
57.1%
2010Tessa Bonhomme
57.1%
1998-2006Danielle Goyette
57.1%
2010-presentHaley Irwin
57.1%
2010-presentRebecca Johnston
57.1%
Years Participated Last Name % Correct
2006-2010Gina Kingsbury
57.1%
2006-2010Carla MacLeod
57.1%
2010-presentMeaghan Mikkelson
57.1%
2010-presentMarie-Philip Poulin
57.1%
2002-2006Cheryl Pounder
57.1%
2002-2010Colleen Sostorics
57.1%
1998-2006Vicky Sunohara
57.1%
2010-presentCatherine Ward
57.1%
2006Katie Weatherston
57.1%
2002Dana Antal
42.9%
2002Kelly Bechard
42.9%
2002Isabelle Chartrand
42.9%
1998Julie Diduck
42.9%
2002Lori Dupuis
42.9%
2006Gillian Ferrari
42.9%
1998Karen Nystrom
42.9%
2006-2010Cherie Piper
42.9%
1998France St-Louis
42.9%
2002Tammy Lee Shewchuk
42.9%
1998-2002Therese Brisson
28.6%
1998Kathy McCormack
28.6%
1998Laura Schuler
28.6%

You're not logged in!

Compare scores with friends on all Sporcle quizzes.
Sign Up with Email
OR
Log In

You Might Also Like...

Show Comments

Extras

Top Quizzes Today


Score Distribution

Your Account Isn't Verified!

In order to create a playlist on Sporcle, you need to verify the email address you used during registration. Go to your Sporcle Settings to finish the process.

Report this User

Report this user for behavior that violates our Community Guidelines.

Details: